000 003970000a22001210004500
090 _aAS
_bSeriadas
245 1 0 _aEnsayo de marcado-recaptura para la estimación de tasas de crecimiento en peces arrecifales del género Acanthurus
041 0 _aEspañol
700 1 _aAcero P., Arturo
_97522
100 1 _aDuarte, Sergio A.
_999253
942 _cARTICULO
773 1 _tCaldasia
_345
_h1
_q115-120
_d1992
_g17
999 _c14461
_d14461